000 00778cam a2200253 i 4500
001 21194885
005 20260427072245.0
008 190821s2019 ii 000 0 eng d
010 _a 2019337290
020 _a9789353461812
_q(hardback)
082 0 4 _a320.8 MEN
100 1 _aMenon, Mohan,
_eauthor.
245 1 4 _aThe challenges of democracy :
_ba world in conflict /
_cMohan Menon.
264 1 _aNew Delhi :
_bMiddlehouse Publishing,
_c2019.
300 _axxvi, 532 pages ;
_c25 cm
365 _bRs. 998
650 0 _aDemocracy
_zIndia.
650 0 _aDemocracy.
650 0 _aWorld politics
_y1989-
650 0 _aSecurity, International.
651 0 _aIndia
_xPolitics and government.
651 0 _aChina
_xPolitics and government
_y21st century.
942 _2ddc
_cBK
999 _c113825
_d113825